000 00349nam a2200133 i 4500
001 bg
100 1 _aŻYŁKA, Romuald
245 0 _aGeological Dictionary Englisch- Polisch- Russian- French- German /
_cRomuald Żyłka.
260 _aWarszawa,
_c1970.
040 _cBPK
041 _apol
942 _cKS
008 s pl f |000 0 pol
999 _c26182
_d26182
856 _uhttp://koha.tu.koszalin.pl/cgi-bin/koha/opac-detail.pl?biblionumber=26182
_yKatalog online BPK